000 00625nam a2200181Ia 4500
008 100917s9999 xx 000 0 und d
082 _b64608
100 _aनेने महादेव पांडुरंग - संक. + संपा.
245 _aनेने कुल - वृत्तान्त
260 _bमहादेव नेने
_c1980
300 _a615
365 _b60
520 _aचरित्र
630 _aनेने कुल - वृत्तान्त
650 _aचरित्र
730 _aनेने कुल - वृत्तान्त
942 _cBOOK
999 _c670002
_d669999